Ser niño gay en Chile

Se busca revisar y reflexionar sobre la invisibilidad pública de la niñez LGBTIQ+ en Chile. El trabajo busca entrelazar una incipiente política pública con el relato vivencial de personas como cruce para analizar el estado de la política pública en materia de infancia diversa, en donde se postula qu...

Full description

Bibliographic Details
Main Author: Aragay Palma, Carlos
Other Authors: Tapia Núñez, Ruth (profesora guía)
Format: Tesis
Language:Spanish
Published: Santiago, Chile : Universidad Academia de Humanismo Cristiano, 2023.
Subjects:
Online Access:Disponible en línea (PDF). Biblioteca Digital UAHC

MARC

LEADER 00000nmm a22000007a 4500
001 000340
003 UAHC_CL
005 20240117111359.0
008 231121s2023 cl o d 000 spa
040 |a UAHC_CL  |c UAHC_CL  |d UAHC_CL 
100 |a Aragay Palma, Carlos  |9 16342 
245 1 0 |a Ser niño gay en Chile  |c Carlos Ariel Aragay Palma ; profesora guía Ruth Tapia Núñez. 
260 |a Santiago, Chile :  |b Universidad Academia de Humanismo Cristiano,  |c 2023. 
300 |a 54 páginas. 
500 |a Tesis para optar al Título de Periodista y al grado académico de Licenciada/o en Comunicación Social. 
502 |a Tesis (Periodismo) -- Universidad Academia de Humanismo Cristiano, 2023. 
516 |a Tesis electrónica (PDF). Solicitar envío de documento a biblioteca@academia.cl. 
520 |a Se busca revisar y reflexionar sobre la invisibilidad pública de la niñez LGBTIQ+ en Chile. El trabajo busca entrelazar una incipiente política pública con el relato vivencial de personas como cruce para analizar el estado de la política pública en materia de infancia diversa, en donde se postula que, en su especificidad, es prácticamente nula. 
650 0 |a Infancia  |9 2090 
650 0 |a Identidad de género  |9 1827 
650 0 |a Educación sexual  |9 10496 
650 0 |a Políticas públicas  |z Chile  |9 2859 
653 |a Diversidad sexual 
653 |a Comunidad LGBTIQ+ 
700 |a Tapia Núñez, Ruth  |9 10459  |e profesora guía 
856 |u http://bibliotecadigital.academia.cl/xmlui/handle/123456789/7140  |y Disponible en línea (PDF). Biblioteca Digital UAHC 
900 |a TPPER 55 
942 |c TS 
952 |0 0  |1 0  |4 0  |6 TPPER_55_000000000000000  |7 0  |8 COMP  |9 99109  |a BC  |b BC  |c Digital  |d 2023-11-21  |l 0  |o TPPER 55  |r 2023-11-21 00:00:00  |w 2023-11-21  |y TS  |z Documento en PDF  |B PER 
999 |c 61426  |d 61426